000 00981nam a22002057a 4500
999 _c34829
_d34829
003 OSt
005 20240711222106.0
008 150408b xxu||||| |||| 00| 0 eng d
040 _cBMC
082 _a658
100 1 _948318
_aRamírez García, Kenia Patricia
245 1 0 _aPasantía de auxiliar administrativa en el área de punto de atención empresarial y catastro de empresas en la Alcaldía Municipal de Santa Ana
_b: informe final
_cKenia Patricia Ramírez García
260 _aSanta Ana (El Salvador)
_bUniversidad Católica de El Salvador
_c2024
300 _a1 v. (pág. var.)
_c28 cm
_e+ 1 disco compacto
500 _aPrecede al tít.: Universidad Católica de El Salvador, Facultad de Ciencias Empresariales
502 _aTrabajo de graduación para optar al grado académico de Licenciatura en Administración de Empresas
650 2 4 _94915
_aGestión
710 2 _91067
_aUniversidad Católica de El Salvador
_bFacultad de Ciencias Empresariales
942 _2ddc
_cTG